Statistics for South Africa by Picture

Click here to take the quiz!

General Stats

  • This quiz has been taken 235 times
  • The average score is 12 of 18

Answer Stats

Answer% Correct
Nelson Mandela
96%
Cape Town
94%
Zulu
90%
Afrikaans
89%
Apartheid
89%
Johannesbourg
79%
{Table} Mountain
78%
Rand
76%
Kalahari
75%
Robben
73%
Orange
69%
Desmond Tutu
64%
Xhosa
59%
Boer
52%
Drakensberg
52%
BRICS
47%
Free State
44%
Cape Agulhas
16%

Score Distribution

Percentile by Number Answered

Percent of People with Each Score

Your Score History

You have not taken this quiz